000 00284nam a22001337a 4500
008 170208b xxu||||| |||| 00| 0 eng d
020 _a9781603595681
041 _aeng
080 _a61
100 _a4
101 _ashm
245 _aCURRENT PROCEDURAL TERMINOLOGY
942 _2udc
_cBK
999 _c4855
_d4855